Diaspora-Japan - Statistics

General Stats
  • This quiz has been taken 156 times
  • The average score is 29 of 34
Answer Stats
Continent Country % Correct
South America Brazil
99%
Oceania Australia
98%
South America Argentina
96%
Europe United Kingdom
96%
Asia China
94%
Europe France
94%
Europe Germany
94%
Oceania New Zealand
94%
South America Peru
94%
Asia/ Europe Russia
94%
Asia South Korea
93%
North America Canada
92%
North America United States of America
92%
South America Colombia
91%
Asia India
89%
Europe Italy
89%
South America Chile
88%
Asia Indonesia
88%
South America Uruguay
87%
North America Mexico
86%
South America Bolivia
85%
Asia Thailand
85%
South America Paraguay
84%
Europe Sweden
83%
Asia Malaysia
81%
Asia the Philippines
77%
Europe Belgium
76%
Asia Singapore
76%
Europe Switzerland
71%
Oceania Micronesia
69%
Oceania Palau
69%
Oceania Marshall Islands
63%
Asia Pakistan
57%
Asia Qatar
46%
No matching quizzes found
Score Distribution
Percent of People with Each Score
Percentile by Number Answered
Your Score History
You have not taken this quiz